Leasing z hľadiska IAS a slovenskej účtovnej legislatívy

Bibliographic Details
Main Authors: Vépyová, Mária, 1953- (Author), Kareš, Ladislav (Author)
Format: Article
Language:Slovak
ISSN:1335-2024
Subjects:

MARC

LEADER 00000nab a2200000 a 4500
001 vtls000760663
003 SK-MaSNL
005 20260303205100.0
008 180206c2001 xo 0 slo
015 |a SNBRB2001/06-19068 
035 |a CLN000112450 
040 |a SNKBUCL  |b slo  |c SNKBUCL  |e AACR2 
041 0 |a slo 
044 |a xo  |c SK 
080 |a 657.4:658.843:340.13  |2 UDC-MRF-SK2 
080 |a 658.843  |2 UDC-MRF-SK2 
080 |a 658.91  |2 UDC-MRF-SK2 
080 |a 339.187.62  |2 UDC-MRF-SK2 
100 1 |a Vépyová, Mária,  |d 1953-  |4 aut  |9 200747 
245 1 0 |a Leasing z hľadiska IAS a slovenskej účtovnej legislatívy  |c Mária Vépyová, Ladislav Kareš 
650 0 7 |a lízing  |x účtovanie  |z Slovensko  |x legislatíva  |x štandardy účtovné medzinárodné  |2 snkbucl  |9 1239342 
650 0 7 |a účtovníctvo  |2 snkbucl  |9 649 
655 7 |a články z novín a časopisov  |2 snkbucl  |9 267496 
700 1 |a Kareš, Ladislav  |4 aut  |9 9466 
773 0 |x 1335-2024  |t Účtovníctvo. Audítorstvo. Daňovníctvo v teórii a praxi  |g Roč. 9, č. 5 (2001), s. 195-202 
850 |a Slovenská národná knižnica v Martine 
852 |a SNK  |b KIS3GCP 
958 |a RBX 
999 |c 2193589  |d 2195519